000 00581nam a2200229Ia 4500
003 OSt
005 20220928140156.0
006 a|||||r|||| 00| 0
007 ta
008 220927b |||||||| |||| 00| 0 eng d
024 _a7254
037 _cTextual
040 _aSDCL
_cSDCL
_beng
041 _2eng
_aeng
082 _aB27, L7
100 _aBurns Gerald
_9494416
245 0 _aIntroduction to group theory with applications.
260 _c1977
490 _aMaterials science series
942 _hB27, L7
_cTEXL
_2CC
999 _c810339
_d810339